[Event "Kuña Arandu Grupo B"]
[Site "Luque"]
[Date "2012.06.05"]
[Round "1.2"]
[White "Borda, Carla"]
[Black "Cordero, Daniela"]
[Result "1/2-1/2"]
[WhiteElo "1982"]
[BlackElo "2090"]
[PlyCount "31"]
[EventDate "2012.06.05"]

1. e4 e6 2. d4 d5 3. exd5 exd5 4. Bd3 Nc6 5. c3 Bd6 6. Ne2 Qh4 7. Ng3 Bxg3 8.
fxg3 Qe7+ 9. Qe2 Bg4 10. Qxe7+ Ngxe7 11. O-O f6 12. Nd2 O-O-O 13. Nb3 Kb8 14.
Bd2 Nc8 15. Rae1 Nd6 16. Nc5 1/2-1/2